Konzervácia dreva Výber. a odporúč. zoznam, čas. lit. z fondov ŠVK Zvolen

Bibliographic Details
Other Authors: Allmanová, Oľga (Compiler)
Format: Book
Language:Slovak
PhysicalDescription:[2], 19 s. 8°
Published: Zvolen ŠVK 1970
Subjects:

MARC

LEADER 00000nam a2200000 a 4500
001 vtls001145549
003 SK-MaSNL
005 20260331203232.0
008 250414s1970 xo b 001 0 slo
035 |a SNK000088405 
035 |a urn:nbn:sk:snk-amyg1x 
035 |a urn:nbn:sk:snk-am00clsz 
035 |a 10146F2F-347C-4854-982E-325939B73EBA 
040 |a SNK  |b slo  |c SNK  |e AACR2 
041 0 |a slo 
044 |a xo  |c SK 
072 7 |a 674  |x Drevo. Drevársky priemysel  |2 konspekt 
072 7 |a 01  |x Bibliografia. Katalógy  |2 konspekt 
080 |a 674.048.3/.4  |2 2011 
080 |a (01)-048.58  |2 2011 
100 1 |a Allmanová, Oľga  |4 com  |9 281413 
245 1 0 |a Konzervácia dreva  |b Výber. a odporúč. zoznam, čas. lit. z fondov ŠVK Zvolen  |c Zost. Oľga Allmanová 
260 |a Zvolen  |b ŠVK  |c 1970  |e S.l.rozmn.  |f rozmn. 
300 |a [2], 19 s.  |c 8° 
500 |a Men. reg. 
610 2 7 |a Štátna vedecká knižnica vo Zvolene  |2 SNKKA  |9 253925 
650 0 7 |a ochrana dreva  |2 SNKPH  |9 27986 
650 0 7 |a Wood protection  |2 SNKPHeng  |9 281414 
655 7 |a výberové bibliografie  |2 SNKPH  |9 70561 
655 7 |a Selected bibliographies  |2 SNKPHeng  |9 275217 
852 |a Slovenská národná knižnica 
958 |a OND 
958 |a RK 
999 |c 536628  |d 538558 
952 |t P60, <04>, [BOOK], {604}  |a SNK  |b SNK  |y VYP  |7 0  |p 17A0098620  |o snkSD 38763 D1  |0 0  |1 0  |4 0  |d 1997-10-02  |l 0  |r 2005-01-01 00:00:00  |w 2026-02-23 
952 |a SNK  |b SNK  |y PREZ  |7 0  |p 17A0900255  |o snkSD 38763  |0 0  |1 0  |4 0  |d 2013-08-13  |f 1  |l 0  |r 2026-02-23 12:27:32  |w 2026-02-23